Welcome to CU Library Online Public Access Catalogue (OPAC)

Applications Manual for Essentials of Anatomy & Physiology/ (Record no. 2394)

MARC details
000 -LEADER
fixed length control field 00646nam a22001937a 4500
005 - DATE AND TIME OF LATEST TRANSACTION
control field 20241217125429.0
008 - FIXED-LENGTH DATA ELEMENTS--GENERAL INFORMATION
fixed length control field 241217b |||||||| |||| 00| 0 eng d
020 ## - INTERNATIONAL STANDARD BOOK NUMBER
International Standard Book Number 9780130478009
050 ## - LIBRARY OF CONGRESS CALL NUMBER
Classification number QP36
Item number .M42
100 ## - MAIN ENTRY--PERSONAL NAME
Personal name Martini, Frederic H.
245 ## - TITLE STATEMENT
Title Applications Manual for Essentials of Anatomy & Physiology/
Statement of responsibility, etc. Frederic H. Martini, Edwin F. Bartholomew & Kathleen Welch
250 ## - EDITION STATEMENT
Edition statement 3rd ed.
260 ## - PUBLICATION, DISTRIBUTION, ETC.
Place of publication, distribution, etc. Upper Saddle River, New Jersey
Name of publisher, distributor, etc. Prentice Hall
Date of publication, distribution, etc. 2003
300 ## - PHYSICAL DESCRIPTION
Extent x.202.24p.
Other physical details ill. some color
Dimensions 27.5cm
500 ## - GENERAL NOTE
General note includes index
700 ## - ADDED ENTRY--PERSONAL NAME
Personal name Bartholomew, Edwin F.
700 ## - ADDED ENTRY--PERSONAL NAME
Personal name Welch, Kathleen
942 ## - ADDED ENTRY ELEMENTS (KOHA)
Source of classification or shelving scheme Library of Congress Classification
Koha item type Books
Edition 3rd ed.
Suppress in OPAC No
999 ## -
-- 2394
-- 2394
Holdings
Withdrawn status Lost status Source of classification or shelving scheme Damaged status Not for loan Collection Home library Current library Shelving location Date acquired Total checkouts Full call number Barcode Date last seen Copy number Price effective from Koha item type
    Library of Congress Classification     Non-fiction Science Library (Miotso) Science Library (Miotso) General stacks 12/17/2024   QP36 .M42 MAR SLM00001671 12/17/2024 1 12/17/2024 Books
    Library of Congress Classification     Non-fiction Science Library (Miotso) Science Library (Miotso) General stacks 12/17/2024   QP36 .M42 MAR SLM00001672 12/17/2024 2 12/17/2024 Books
© 2023-2024 Copyright: Central University Libraries. All Rights Reserved | Created by: Mahone Tech Office